Winnie and Wilbur: Winnie Goes for Gold (Запис № 18040)

000 -Маркер запису
Контрольне поле сталої довжини 01833nam a22002417a 4500
003 - Належність контрольного номера
Контрольне поле Uzh_bibl
008 - Кодовані дані
Контрольне поле сталої довжини 260601b |||||||| |||| 00| 0 ukr d
020 ## - Індекс ISBN
ISBN 978-0-19-274842-3
Ціна 50.00
040 ## - Джерело каталогіз.
Код мови каталог. укр.
041 ## - Код мови видання
Код мови оригіналу англійська
Код мови тексту англійська
080 ## - Індекс УДК
Індекс УДК 821(410)
090 ## - Шифри
Поличний індекс 821(410)
Авторський знак О 90
100 ## - Автор
Автор Owen,Laura
245 ## - Назва
Назва Winnie and Wilbur: Winnie Goes for Gold
Відповідальність il.Korky Paul
Фізичний носій Текст
260 ## - Вихідні дані
Місце видання Oxford
Видавництво University Press
Дата видання 2016
300 ## - Фізичний опис
Обсяг 94 s.
Ілл./тип відтвор. il.
520 ## - Анотація
Анотація Whether they are entertaining their oddball relatives, trying to do their bit to save the planet, babysitting with a touch of magic, or bringing some Olympic fun to the school sports day, Winnie and Wilbur would love you to share their golden moments!<br/>Four hilarious stories featuring Winnie and Wilbur and a zany supporting cast. Korky Paul's exuberant black line illustrations complement the humour, slapstick, and moments of real drama in each story. 'Funny, mischievous, silly, and exciting. Great stuff.' Giles Andrea, author of Sir Scallywag and the Golden Underpants.<br/>The spellbinding new look of this bestselling series celebrates the wonderful relationship shared by Winnie and her cat, Wilbur. Since 1987 they have been delighting children and adults all over the world and more than 7 million books have been sold. Winnie and Wilbur will be hitting TV screens worldwide in 2017, airing in the UK on Milkshake, Channel 5's popular pre-school slot. A Winnie and Wilbur stage show is set to run in Birmingham in 2017 followed by a national UK tour. A new look for the website, too! www.winnieandwilbur.com
521 ## - Примітка про цільове призначення
Примітка про цільове призначення Для молодшого шкільного віку
546 ## - Примітка про мову
Примітка про мову укр.
650 ## - Тематичні рубрики
Основна рубрика Літературно-художне видання
655 ## - Термін індексування — жанр/форма
Жанр/форма Дитяча література
942 ## - ADDED ENTRY ELEMENTS (KOHA)
Джерело класифікації чи схема поличного розташування
Koha item type Книги
Фонди
Статус вилучення Статус втрати/відсутності Джерело класифікації чи схема поличного розташування Статус пошкодження Тип обігу (не для випозичання) Постійне розташування Поточне розташування Дата надходження Джерело надходження (постачальник) Інвентарний номер Total Checkouts Повний (примірниковий) шифр зберігання Штрих-код Date last seen Дата, для якої чинна ціна заміни Тип одиниці (рівень примірника)
          Бібліотека-філія № 1 для дітей Бібліотека-філія № 1 для дітей 23/04/2026 Подаровані 80858   821(410) 19451 01/06/2026 01/06/2026 Книги

Працює на АБІС Коха